Avengers General Knowledge - Statistics

General Stats
  • This quiz has been taken 59 times
    48 since last reset
  • The average score is 9 of 15
Answer Stats
Hint Answer % Correct
What is Captain America's shield made out of? Vibranium
98%
What infinity stone does Dr. Strange posses? Time Stone
91%
What is the name of the A.I system that runs Tony's suits and house? Jarvis
84%
Which titan is trying to kill half of Earth's population? Thanos
74%
Who is Ironman's father? Howard Stark
72%
Scarlet Witch has a twin, what was his name? Pietro
72%
Which Marvel movie was the first in the series? Ironman
67%
Spiderman's love interest is MJ. What do her initials stand for? Mary Jane
65%
What is Thor's nickname for Rocket? Rabbit
63%
Thor's mother is which goddess? Frigga
58%
Captain Marvel's real name is what? Carol Danvers
51%
Peggy Carter's niece who is later the love interest of Captain, is named what? Sharron Carter
51%
How did Fury loose his eye? Flerken
40%
What type of doctor is Dr.Strange? Neurosurgeon
40%
Who killed Black Panther? Zemo
16%
No matching quizzes found
Score Distribution
Percent of People with Each Score
Percentile by Number Answered
Your Score History
You have not taken this quiz since the last reset